=LDR 00000nam 2200000 4500 =001 INLIS000000000003044 =005 20130612091345 =008 ***********************************Ind** =035 ##$$0010-061300000003044 =041 ##$$a Ind =082 ##$$a 633.84 =090 ##$$a 633.84, Sud p =100 ##$$a Sudaro, Yani =245 ##$$a Pengeringan cabai / Yani Sudaro, Dewi Ari Ratnaningsih. -- =260 ##$$a 1999 $b Jakarta : Penebar Swadaya =300 ##$$a viii, 75 hlm. : ilus. ; 21 cm =650 ##$$a Cabai-pengeringan =700 ##$$a Ratnaningsih, Dewi Ari =850 ##$$a NBPNMAT =990 ##$$a 0001/BPAP-NTB/20142015